000 00820nam a22002057a 4500
005 20251108164906.0
008 250721s1997 xx 000 0 ara d
082 1 4 _a213/عرا
100 1 _aالعراقي، أبو الفضل عبد الرحمن ... الكردي
245 1 0 _aالتقييد و الإيضاح لما أطلق و أغلق من مقدمة إبن الصلاح :
_bشرح علوم الحديث مقدمة إبن الصلاح /
250 _aط5.
264 1 _aبيروت :
_bمؤسسة الكتب الثقافية،
_c1997.
300 _a453ص
650 1 7 _aالحديث الشريف
650 1 7 _aعلوم الحديث
650 1 7 _aتفسير الحديث
700 1 _aإبن الصلاح، تقي الدين أبو عمر عثمان ... الدمشقي
942 _2ddc
_cBK
999 _c16841
_d16841